20 Largest Islands of the Lower 48 - Statistics

General Stats
  • This quiz has been taken 16 times
  • The average score is 5 of 20
Answer Stats
Area (sq mi) Island % Correct
1,401 Long
100%
59 Staten
69%
91 Martha's Vineyard
56%
64 Galveston
50%
75 Santa Catalina
50%
209 Padre
38%
55 Hilton Head
25%
57 San Clemente
19%
81 Santa Rosa
19%
169 Whidbey
19%
61 Matagorda
13%
98 Santa Cruz
13%
108 Mount Desert
6%
57 Orcas
6%
55 Beaver
0%
57 Cumberland
0%
125 Drummond
0%
84 Johns
0%
100 Marsh
0%
206 Royale
0%
No matching quizzes found
Score Distribution
Percent of People with Each Score
Percentile by Number Answered
Your Score History
You have not taken this quiz